00669nam a22002297a 4500003000400000005001700004008004100021010001300062016001300075020002600088024001100114037000800125040002800133050001200161082001200173245005500185260004500240270008800285300002400373942002300397999001900420dpl20250911133617.0250911b |||||||| |||| 00| 0 eng d aB-771692 2Purchase a9789359599878c350.00 c350.00 adpl cMalyala Manorama Press  a050 MAN a050 MAN aManorama Yearbook 2025/cEdited by Mathew, Mammen  aKottayam bMalyala Manorama Press c2025 aMalyala Manorama Press bKottayame686001k2563646l91-4812562479myeabook@mm.co.in a1008p.c22 cm (pbk) 2ddccRFh050m MAN c213413d213413